<?xml version="1.0" encoding="UTF-8"?>
<record
    xmlns:xsi="http://www.w3.org/2001/XMLSchema-instance"
    xsi:schemaLocation="http://www.loc.gov/MARC21/slim http://www.loc.gov/standards/marcxml/schema/MARC21slim.xsd"
    xmlns="http://www.loc.gov/MARC21/slim">

  <leader>03086cam a22004454i 4500</leader>
  <controlfield tag="003">PE-LiUPU</controlfield>
  <controlfield tag="005">20250731165356.0</controlfield>
  <controlfield tag="008">150826s2015    pe     grm    000 0 spa d</controlfield>
  <datafield tag="035" ind1=" " ind2=" ">
    <subfield code="a">(Sirsi) a154144</subfield>
  </datafield>
  <datafield tag="040" ind1=" " ind2=" ">
    <subfield code="a">PE-LiUPU</subfield>
    <subfield code="b">spa</subfield>
    <subfield code="c">PE-LiUPU</subfield>
    <subfield code="e">rda</subfield>
  </datafield>
  <datafield tag="099" ind1=" " ind2=" ">
    <subfield code="a">TNH 2</subfield>
    <subfield code="b">H32 2015</subfield>
  </datafield>
  <datafield tag="100" ind1="1" ind2=" ">
    <subfield code="a">Huayta Quispe, Danitza Zenia,</subfield>
    <subfield code="e">autor</subfield>
  </datafield>
  <datafield tag="245" ind1="1" ind2=" ">
    <subfield code="a">Efecto de la ingesta de canela "Cinnamomum zeylanicum" sobre el nivel de glucosa s&#xE9;rica en pacientes con diabetes mellitus tipo II del Hospital Jos&#xE9; Agurto Tello, Chosica /</subfield>
    <subfield code="c">Danitza Zenia Huayta Quispe.</subfield>
  </datafield>
  <datafield tag="264" ind1=" " ind2="0">
    <subfield code="c">2015</subfield>
  </datafield>
  <datafield tag="300" ind1=" " ind2=" ">
    <subfield code="a">75 hojas </subfield>
    <subfield code="c">30 cm</subfield>
  </datafield>
  <datafield tag="336" ind1=" " ind2=" ">
    <subfield code="a">text</subfield>
    <subfield code="2">rdacontent</subfield>
  </datafield>
  <datafield tag="337" ind1=" " ind2=" ">
    <subfield code="a">unmediated</subfield>
    <subfield code="2">rdamedia</subfield>
  </datafield>
  <datafield tag="338" ind1=" " ind2=" ">
    <subfield code="a">volume</subfield>
    <subfield code="2">rdacarrier</subfield>
  </datafield>
  <datafield tag="502" ind1=" " ind2=" ">
    <subfield code="a">Tesis</subfield>
    <subfield code="b">(Lic.) -- </subfield>
    <subfield code="c">Universidad Peruana Uni&#xF3;n,</subfield>
    <subfield code="d">2015.</subfield>
  </datafield>
  <datafield tag="520" ind1="3" ind2=" ">
    <subfield code="a">La Diabetes Mellitus tipo II (DM2) es una enfermedad metab&#xF3;lica y uno de los mayores problemas para los sistemas de salud a nivel mundial. Su prevalencia va en aumento a un ritmo alarmante en los pa&#xED;ses desarrollados. Este problema de salud se puede controlar con tratamiento diet&#xE9;tico minucioso y la "canela" parece ayudar a controlar y normalizar los niveles de glucosa de los diab&#xE9;ticos, que tienen incapacidad para manejar su condici&#xF3;n. El objetivo del estudio fue determinar la efectividad de la ingesta diaria de 2 g de canela"Cinnamomomun zeylanicum", sobre los niveles de glucemia en pacientes con Diabetes Mellitus tipoII del Hospital Agurto Tello, Chosica, 2015, Este estudio es de enfoque cuantitativo, de dise&#xF1;o experimental tipo cuasi experimental, de corte longitudinal prospectivo y explicativo. La muestra fue de 31 participantes divididos en dos grupos por criterios de convivencia; 16 en el grupo experimental con tratamiento de 2g/d&#xED;a de canela y 15 del grupo control sin tratamiento durante 42 d&#xED;as. El 74.2% de la muestra fueron mujeres y el 25.8% varones. Respecto al estado nutricional seg&#xFA;n el &#xED;ndice de Masa Corporal (IMC), el 43.8% del grupo experimental ten&#xED;a sobrepeso, mientras que en el grupo control el 40% mostr&#xF3; sobrepeso. No hubo diferencias estad&#xED;sticamente significativas de los niveles de glucemia de pacientes con Diabetes Millitus tipo II, antes, durante y despu&#xE9;s de la intervenci&#xF3;n del grupo experimental como del grupo control. Se concluye; en base a nuestros resultados que estad&#xED;sticamente no se pudo determinar la disminuci&#xF3;n de la glucemia tras la ingesta de 2g de "canela", seg&#xFA;n la prueba T-student para muestras independientes (p&gt;0.05).</subfield>
  </datafield>
  <datafield tag="526" ind1=" " ind2=" ">
    <subfield code="a">SEG44</subfield>
  </datafield>
  <datafield tag="526" ind1=" " ind2=" ">
    <subfield code="a">SEG26</subfield>
  </datafield>
  <datafield tag="526" ind1=" " ind2=" ">
    <subfield code="a">P151</subfield>
  </datafield>
  <datafield tag="526" ind1=" " ind2=" ">
    <subfield code="a">P150</subfield>
  </datafield>
  <datafield tag="526" ind1=" " ind2=" ">
    <subfield code="a">P149</subfield>
  </datafield>
  <datafield tag="526" ind1=" " ind2=" ">
    <subfield code="a">P146</subfield>
  </datafield>
  <datafield tag="526" ind1=" " ind2=" ">
    <subfield code="a">P145</subfield>
  </datafield>
  <datafield tag="526" ind1=" " ind2=" ">
    <subfield code="a">P126</subfield>
  </datafield>
  <datafield tag="526" ind1=" " ind2=" ">
    <subfield code="a">P125</subfield>
  </datafield>
  <datafield tag="526" ind1=" " ind2=" ">
    <subfield code="a">P92</subfield>
  </datafield>
  <datafield tag="526" ind1=" " ind2=" ">
    <subfield code="a">P75</subfield>
  </datafield>
  <datafield tag="526" ind1=" " ind2=" ">
    <subfield code="a">P74</subfield>
  </datafield>
  <datafield tag="526" ind1=" " ind2=" ">
    <subfield code="a">P27</subfield>
  </datafield>
  <datafield tag="526" ind1=" " ind2=" ">
    <subfield code="a">P15</subfield>
  </datafield>
  <datafield tag="700" ind1="1" ind2=" ">
    <subfield code="a">Paco Le&#xF3;n, Deyda Aracely</subfield>
    <subfield code="e">autor</subfield>
  </datafield>
  <datafield tag="650" ind1="0" ind2="4">
    <subfield code="a">Diab&#xE9;ticos</subfield>
    <subfield code="x">Canela</subfield>
    <subfield code="x">Consumo.</subfield>
  </datafield>
  <datafield tag="596" ind1=" " ind2=" ">
    <subfield code="a">1</subfield>
  </datafield>
  <datafield tag="942" ind1=" " ind2=" ">
    <subfield code="2">ddc</subfield>
    <subfield code="c">TESIS</subfield>
  </datafield>
  <datafield tag="999" ind1=" " ind2=" ">
    <subfield code="a">TNH 2 H32 2015</subfield>
    <subfield code="w">ALPHANUM</subfield>
    <subfield code="c">6838</subfield>
    <subfield code="i">T01799</subfield>
    <subfield code="l">CCODEBUL3</subfield>
    <subfield code="m">BUL</subfield>
    <subfield code="r">1</subfield>
    <subfield code="s">Y</subfield>
    <subfield code="t">TESIS</subfield>
    <subfield code="u">2015-8-26</subfield>
    <subfield code="x">SALUD</subfield>
    <subfield code="P">P31</subfield>
    <subfield code="o">.STAFF. Tesis</subfield>
    <subfield code="d">6838</subfield>
  </datafield>
  <datafield tag="980" ind1=" " ind2=" ">
    <subfield code="8">1</subfield>
    <subfield code="g">ALBERTO SANCHEZ Responsable de Automatizaci&#xF3;n</subfield>
  </datafield>
  <datafield tag="952" ind1=" " ind2=" ">
    <subfield code="r">2022-07-06 00:00:00</subfield>
    <subfield code="l">0</subfield>
    <subfield code="o">TNH 2 H32 2015</subfield>
    <subfield code="p">T01799</subfield>
    <subfield code="t">e1</subfield>
    <subfield code="w">2015-08-26</subfield>
    <subfield code="x">FCS</subfield>
    <subfield code="y">TESIS</subfield>
    <subfield code="z">Este &#xCD;tem NO se presta por ser Ejemplar #1.</subfield>
    <subfield code="1">0</subfield>
    <subfield code="2">ddc</subfield>
    <subfield code="7">1</subfield>
    <subfield code="8">TESIS</subfield>
    <subfield code="f">P31</subfield>
    <subfield code="a">BUL</subfield>
    <subfield code="b">BUL</subfield>
    <subfield code="c">TESIS</subfield>
    <subfield code="d">2015-08-26</subfield>
  </datafield>
</record>
